header

Organization and performance of cotton sectors in Africa (Record no. 16989)

MARC details
000 -LEADER
fixed length control field 01600nam a2200385Ia 4500
082 04 - DEWEY DECIMAL CLASSIFICATION NUMBER
Classification number 338.1/73510967
245 00 - TITLE STATEMENT
Title Organization and performance of cotton sectors in Africa
260 ## - PUBLICATION, DISTRIBUTION, ETC. (IMPRINT)
Place of publication Washington, D.C. :
Name of publisher World Bank,
Year of publication c2009.
300 ## - PHYSICAL DESCRIPTION
Number of Pages xxxiv, 233 p. :
Other physical details ill., map.
490 1# - SERIES STATEMENT
Series statement Agriculture and rural development
650 #0 - SUBJECT ADDED ENTRY--TOPICAL TERM
Topical Term Cotton trade
Topical Term Cotton growing
700 1# - ADDED ENTRY--PERSONAL NAME
Personal name Tschirley, David L.
Personal name Poulton, Colin.
Personal name Labaste, Patrick,
856 40 - ELECTRONIC LOCATION AND ACCESS
Uniform Resource Identifier http://site.ebrary.com/lib/rucke/Doc?id=10285624

No items available.

© 2026 Rongo University
Contact us: librarian | system librarian | Rongo university